Welcome to the Holygrace Academy Library

Please use search bar below to get started

HERMANN GUNDERT (Record no. 8580)

MARC details
000 -LEADER
fixed length control field 00394nam a22001577a 4500
020 ## - INTERNATIONAL STANDARD BOOK NUMBER
ISBN 978-81-8265-824-
082 ## - DEWEY DECIMAL CLASSIFICATION NUMBER
Classification number 894.812
Item number BAL/H
100 ## - MAIN ENTRY--AUTHOR NAME
Personal name BALAKRISHNAN,K
245 ## - TITLE STATEMENT
Title HERMANN GUNDERT
246 ## - VARYING FORM OF TITLE
Title proper/short title HERMANN GUNDERT
Remainder of title HERMANN GUNDERT
260 ## - PUBLICATION, DISTRIBUTION, ETC. (IMPRINT)
Place of publication KOZHIKODE, INDIA
Name of publisher MATHRUBHUMI
Year of publication 2013
300 ## - PHYSICAL DESCRIPTION
Number of Pages 86
520 ## - SUMMARY, ETC.
Summary, etc BIOGRAPHY AND WORKS
650 ## - SUBJECT ADDED ENTRY--TOPICAL TERM
Topical Term BIOGRAPHY IN MALAYALAM
942 ## - ADDED ENTRY ELEMENTS (KOHA)
Koha item type Books
Holdings
Withdrawn status Lost status Collection code Home library Current library Shelving location Date acquired Source of acquisition Cost, normal purchase price Full call number Accession Number Koha item type
    Non-fiction Main Library Main Library NEW SHELF WITH NEW ENTRY 26/10/2023 PURCHASED 70.00 894.812 BAL/H 13181 Books